Deutschland nach Buchstabe - A - Statistiken

Allgemein
  • Dieses Quiz wurde 98 mal gespielt
  • Das Durchschnittsergebnis liegt bei 14 aus 20
Antwortstatistiken
Hinweis Antwort % Korrekt
Westlichste Großstadt, in der früher Kaiser gekrönt wurden, Heimat der Printen Aachen
99%
Deutsches Wappentier Adler
99%
Einziges Hochgebirge Deutschlands an der Grenze zu Österreich und der Schweiz Alpen
98%
Fugger- und Puppenkisten-Stadt in Bayern-Schwaben Augsburg
98%
Erster Bundeskanzler Westdeutschlands nach dem Zweiten Weltkrieg Konrad Adenauer
98%
Erfindung von Carl Benz Auto
97%
Fluss der überwiegend durch RLP fließt und in Remagen in den Rhein mündet, bekannt durch Weinbau und Flutkatastrophe Ahr
81%
Germanenstamm in Südwest-Deutschland, von dem der französische und türkische Namen Deutschlands abgeleitet wird Alemannen
74%
Hochgebirgsregion in Südwest-Bayern mit Städten Kempten und Sonthofen Allgäu
73%
Alkoholische Spezialität aus Hessen, die traditionell im Bembel serviert wird Apfelwein
68%
Größere Nordseeinsel südlich von Sylt und westlich von Wyk Amrum
65%
Bayrische Stadt am Main an der Grenze zu Hessen mit Schloss Johannisburg Aschaffenburg
65%
Bierbrautyp aus Düsseldorf und Niedersachsen Altbier
64%
Die Leine und Oker fließen in diesen Nebenfluss der Weser Aller
58%
Kreisstadt an der Kocher am Rande der Schwäbischen Alb Aalen
53%
Durch Obstbau bekannte Region zwischen Hamburg und Stade südlich der Elbe Altes Land
50%
Zum Nationalhelden stilisierter Cherusker-Fürst, Sieger der Varusschlacht Arminius
47%
Ehemals von den Askaniern regierte Region in Ostdeutschland um Köthen, Dessau und Aschersleben Anhalt
34%
Region um Salzwedel und Stendal, die als Wiege Brandenburgs gilt (aber nicht zum Bundesland gehört) Altmark
26%
Stadt am Rhein nördlich von Koblenz mit größtem Kaltwassergeysir der Welt Andernach
26%
Keine übereinstimmenden Quizze gefunden
Verteilung der Resultate
Anzahl Personen mit jedem Resultat
Perzentil nach korrekt beantworteten Fragen
Ihre Resultats-Entwicklung
Sie haben dieses Quiz noch nicht gespielt